Geography of Missouri - Statistics

General Stats
  • This quiz has been taken 25 times
  • The average score is 15 of 20
Answer Stats
Question Answer % Correct
What is the largest city in Missouri by city proper population? Kansas City
100%
What river flows through the state capital? Missouri River
100%
What is the capital city of Missouri? Jefferson City
95%
What river forms Missouri's eastern border? Mississippi River
95%
Twenty-eight U.S. cities have this name, but Missouri's is the largest. What is it? Springfield
95%
What is the most famous monument in St. Louis? Gateway Arch
90%
Which bordering state of Missouri has the highest population? Illinois
90%
What is the state nickname of Missouri? The {Show}-{Me} State
85%
What is the most common European ancestry in Missouri? German
80%
What city in Missouri has 76 Country Boulevard, lined with musical theaters? Branson
75%
What suburb of the above was the main jumping-off point for the Oregon Trail? Independence
75%
What national forest makes up much of southern Missouri? (hint: author) Mark Twain
75%
What is the largest city in central Missouri? Columbia
70%
What reservoir on the Osage River is a popular destination for summer tourists? Lake of the Ozarks
65%
What prestigious university in St. Louis did Peter Sarsgaard attend? Washington
60%
What stadium is home to the Chiefs NFL team? {Arrowhead} Stadium
55%
What city was hit by intense earthquakes from 1811-1812? New {Madrid}
55%
What city is home to the Patee House, the eastern terminus for the Pony Express? St. Joseph
45%
What small city was the birthplace of Harry S. Truman? (hint: rapper last name) Lamar
25%
What park in St. Louis was the location of the 1904 World's Fair? {Forest} Park
20%
No matching quizzes found
Score Distribution
Percent of People with Each Score
Percentile by Number Answered
Your Score History
You have not taken this quiz